| 000 | 00977nam a22002777a 4500 | ||
|---|---|---|---|
| 003 | OSt | ||
| 005 | 20260428120834.0 | ||
| 008 | 260428b |||||||| |||| 00| 0 eng d | ||
| 010 | _a2010007455 | ||
| 020 | _a9780345504975 | ||
| 020 |
_a9780345516862 _q(eBook) |
||
| 040 |
_beng. _cBALLANTINE BOOKS |
||
| 050 |
_aPS 3553 _b.R542 2010 |
||
| 100 |
_aCronin, Justin, _d1962- |
||
| 245 |
_aThe passage : _ba novel / _cJustin Cronin. |
||
| 250 | _a1ST ED. | ||
| 260 |
_aNew York : _bBallantine Books, _c2010. |
||
| 300 |
_a784 pages ; _bmaps ; _c25 cm |
||
| 500 | _a"A Ballantine books hardcover"--T.p. verso. | ||
| 520 | _aA government experiment unleashes a viral apocalypse, transforming humans into vampiric beings, while a young girl may hold the key to humanity's survival. | ||
| 650 |
_aVirus diseases _vFiction |
||
| 650 |
_aVampires _vFiction |
||
| 650 |
_ahuman experimentation in medicine _vFiction |
||
| 650 | _aScience fiction. | ||
| 942 |
_2lcc _cBK _e1st ed. _n0 |
||
| 999 |
_c10107 _d10107 |
||